Tratado de Economía Politica / (Record no. 161010)

MARC details
000 -LEADER
campo de control de longitud fija 00708nam a2200181 i 4500
001 - NÚMERO DE CONTROL
campo de control 161010
003 - IDENTIFICADOR DE NÚMERO DE CONTROL
campo de control ES-MaACL
005 - FECHA Y HORA DE LA ÚLTIMA TRANSACCIÓN
campo de control 20250919134620.0
008 - DATOS DE LONGITUD FIJA--INFORMACIÓN GENERAL
campo de control de longitud fija 931025m18921893sp |||| | spa d
100 1# - ENTRADA PRINCIPAL--NOMBRE DE PERSONA
Nombre de persona Olozaga y Bustamante, José María de.
9 (RLIN) 130647
245 10 - MENCIÓN DEL TÍTULO
Título Tratado de Economía Politica /
Mención de responsabilidad, etc. escrito por el Dr. D. José María de Olózaga y Bustamante ; con la colaboración del Illmo. Sr. D. Melchor Salvá.
260 ## - PUBLICACIÓN, DISTRIBUCIÓN, ETC.
Lugar de publicación, distribución, etc. Madrid :
Nombre del editor, distribuidor, etc. [s.n.],
Fecha de publicación, distribución, etc. 1892-1893 (
Fabricante Imp. de José Perales y Martinez)
300 ## - DESCRIPCIÓN FÍSICA
Extensión 2 v. ;
Dimensiones 24 cm.
650 07 - PUNTO DE ACCESO ADICIONAL DE MATERIA--TÉRMINO DE MATERIA
Término de materia o nombre geográfico como elemento de entrada Economía
Fuente del encabezamiento o término embne
9 (RLIN) 12006
700 1# - ENTRADA AGREGADA--NOMBRE PERSONAL
Nombre de persona Salvá, Melchor,
Fechas asociadas al nombre 1834-1918
9 (RLIN) 102056
852 ## - LOCALIZACIÓN
Ubicación ES-MaACL
Número de control de estantería F-2420-21
Nota libre -- Enc. pasta española
Holdings
Estatus retirado Estado de pérdida Estado de daño No para préstamo Colección Biblioteca de origen Biblioteca actual Ubicación en estantería Fecha de adquisición Total de préstamos Signatura topográfica completa Código de barras Visto por última vez Precio de reemplazo Tipo de ítem Koha
        Libros del s. XIX Biblioteca del Ateneo de Madrid Biblioteca del Ateneo de Madrid Depósito 2 17/01/2008   F-2420-21 1168627 23/02/2023 23/02/2023 Libro impreso antiguo